000 03227cam a2200301 4500500
005 20251228072425.0
041 _afre
042 _adc
100 1 0 _ade Luca-Bernier, Catherine
_eauthor
245 0 0 _aTransformation du soin et logique des groupes... en psychothérapie institutionnelle
260 _c2014.
500 _a51
520 _aLa révolution managériale des protocoles de soin n’est pas sans effet sur les sujets, que ce soit les soignants ou les soignés. L’écrasement des dimensions interprétatives et inconscientes par les injonctions sanitaires conduit à réfléchir à de nouvelles formes de résistances. Il se trouve que le groupe constitue une forme d’organisation des sujets qui recèle de telles potentialités. Nous présentons dans ce texte une réflexion sur l’importance des groupes qui s’appuie sur notre expérience de la psychothérapie institutionnelle telle qu’elle est mise en œuvre à la clinique de La Borde. Les principes et les concepts de ce courant sont susceptibles, nous espérons le montrer, d’inspirer de nouvelles stratégies de résistance.
520 _aTransformation of care and logic of groups in institutional psychotherapyThe managerial revolution of the protocols of care is not without effect on subjects, whether they are carers or those in care. The crushing of interpretative and unconscious dimensions by health injunctions calls for reflection on new forms of resistance. It so happens that the group constitutes a form of organisation of subjects which contains such potentialities. In this text we offer a reflection on the importance of groups which draw on our experience of institutional psychotherapy as it is practised at the La Borde clinic. The principles and concepts of this current are capable, as we hope to show, of inspiring new strategies of resistance.
520 _aTransformación du soin y lógica de los grupos en psicoterapia institucionalLa revolución de management de los protocolos de terapia no es sin efecto en les sujetos, sea los terapeutas o los pacientes. El aplastamiento de las dimensiones interpretativas e inconscientes por las ordenes sanitarias conduce a reflexionar en nuevas formas de resistencias. Ocurre que le grupo constituye una forma de organización de los sujetos que recela de tales potencialidades. Presentamos en este texto una reflexión sur la importancia de los grupos que se apoyan sobre nuestra experiencia de la psicoterapia institucional tal como la lleva la clínica de La Borde. Los principios y los conceptos de ce corriente son susceptibles, esperamos le mostrarlo, d’inspirar de nuevas estrategias de resistencia.
690 _aanalyse institutionnelle
690 _adésir
690 _aformation
690 _agroupe
690 _aPsychothérapie institutionnelle
690 _adesire
690 _agroup
690 _ainstitutional analysis
690 _aInstitutional psychotherapy
690 _atraining
786 0 _nRevue de psychothérapie psychanalytique de groupe | 61 | 2 | 2014-01-02 | p. 105-117 | 0297-1194
856 4 1 _uhttps://shs.cairn.info/revue-de-psychotherapie-psychanalytique-de-groupe-2013-2-page-105?lang=fr&redirect-ssocas=7080
999 _c1593922
_d1593922